| 000 | 00627nam a22001937a 4500 | ||
|---|---|---|---|
| 003 | OSt | ||
| 005 | 20260210010907.0 | ||
| 008 | 260210b |||||||| |||| 00| 0 eng d | ||
| 020 | _a978-971-07-4063-5 | ||
| 040 |
_aDWCL - Main Lib. _cOC |
||
| 082 | _aFil. 700 L784 2017 | ||
| 245 | _aLiving with music, art, physical education and health 9 / | ||
| 260 |
_aQuezon City, Philippines; _bVibal Group, _cc2017 |
||
| 300 |
_aii, 438 pages: _bcolor illustrations; _c27 cm. |
||
| 504 | _aIncludes glossary and bibliographical references. | ||
| 650 | _a1. Education. | ||
| 650 | _a2. Physical education. | ||
| 942 |
_2ddc _cBK - FIL _n0 |
||
| 999 |
_c8316 _d8316 |
||